Business, Academic and General English Idiomatic Vocabulary Acquisition and Use

Viacslovné lexikálne jednotky ako kompozitá, frázové slovesá, kolokácie a idiómy ako súčasť úlohy osvojovania si slovnej zásoby u študentov a vyskytujúce sa v testoch zameraných na slovnú zásobu. Idiomatické výrazy v novinových a časopiseckých textoch, s ktorými pracovali študenti na Ekonomickej uni...

Ausführliche Beschreibung

Gespeichert in:
Bibliographische Detailangaben
1. Verfasser: Hrdličková, Zuzana
Format: Buchkapitel
Sprache:Englisch
Schlagworte:
Tags: Tag hinzufügen
Keine Tags, Fügen Sie das erste Tag hinzu!

MARC

LEADER 00000naa$a2200000$$$4500
001 0277369
005 20240502074325.0
041 0 |a eng 
044 |a SK 
245 1 0 |a Business, Academic and General English Idiomatic Vocabulary Acquisition and Use  |c Zuzana Hrdličková 
520 |a Viacslovné lexikálne jednotky ako kompozitá, frázové slovesá, kolokácie a idiómy ako súčasť úlohy osvojovania si slovnej zásoby u študentov a vyskytujúce sa v testoch zameraných na slovnú zásobu. Idiomatické výrazy v novinových a časopiseckých textoch, s ktorými pracovali študenti na Ekonomickej univerzite v Bratislave. Kvantitatívna analýza zostavujúca súbor súčasne používaných idiómov a zisťujúca, aké idiómy sa používajú v obchodnej, akademickej a všeobecnej angličtine. 
610 2 0 |a jazykoveda 
610 2 0 |a frazeológia 
610 2 0 |a jazyky cudzie 
610 2 0 |a angličtina 
610 2 0 |a jazyk odborný 
610 2 0 |a jazyk obchodný 
610 2 0 |a zásoba slovná 
610 2 0 |a študenti 
610 2 0 |a vzdelávanie vysokoškolské 
100 1 |a Hrdličková, Zuzana